Biblioteca

Mejorar la escritura de la investigación cualitativa / Harry F. Wolcott ; traducción Eva Zimmerman (Registro nro. 44471)

Detalles MARC
000 -LÍDER
Campo fijo de descripción fija 014000000a22002290004500
020 ## - NÚMERO INTERNACIONAL NORMALIZADO PARA LIBROS
Número Internacional Normalizado del libro 958-655-655-7
082 04 - NÚMERO DE CLASIFICACIÓN DECIMAL DEWEY
Número de clasificación G 001.4 W849m
001 - NÚMERO DE CONTROL
Campo de control 17978
100 1# - ASIENTO PRINCIPAL--NOMBRE PERSONAL
Nombre personal Wolcott, Harry F., ( 1929-)
245 10 - TÍTULO
Título del Material Mejorar la escritura de la investigación cualitativa / Harry F. Wolcott ; traducción Eva Zimmerman
260 ## - PUBLICACIÓN, DISTRIBUCIÓN, ETC. (PIE DE IMPRENTA)
Lugar de publicación, distribución, etc. Medellín, Colombia : Editorial Universidad de Antioquía, Facultad de Enfermería de la Universidad de Antioquía, 2003
300 ## - DESCRIPCIÓN FÍSICA
Extensión XIV, 226 p.; 24 cm
336 ## - CONTENT TYPE
Content type term texto
Content type code txt
Source rdacontent
337 ## - MEDIA TYPE
Source rdamedia
Media type term sin mediación
Media type code n
338 ## - CARRIER TYPE
Source rdacarrier
Carrier type term volumen
Carrier type code nc
505 00 - NOTA DE CONTENIDO
Nota de contenido con formato preestablecido Escribir versus saber-estar-escribiendo -- Cómo, cuándo y donde empezar -- El análisis y la interpretación -- Problemas en la escogencia y la interpretación de los datos -- El sistema del archivo colgante extendido -- Llevar un registro de referencias -- Revisión de literatura -- Vinculación con la teoría -- Técnicas de investigación en la indagación cualitativa -- El método o la teoría como narrativa -- revisión del contenido y el estilo -- Las páginas preliminares -- El cuerpo del texto -- Las páginas finales -- Lograr que te publiquen...
650 14 - ASIENTO SECUNDARIO DE MATERIA - TERMINO TEMÁTICO
Término temático o nombre geográfico como elemento de entrada ARTE DE ESCRIBIR \ ESCRITURA \ METODOS DE INVESTIGACION
700 1# - ASIENTO SECUNDARIO - NOMBRE PERSONAL
Nombre personal Zimmerman, Eva
942 ## - TIPO DE MATERIAL (KOHA)
Tipo de Item KOHA Libros General
Existencias
Estado de Material Estado de Perdido Estado de Dañado No para Préstamo Colección Tomo Biblioteca de Origen Biblioteca Permanente Fecha de Adquisición Total de Préstamos Total de Renovaciones Signatura Topográfica Código de Barras Última vez visto Última vez Préstado Ejemplar/Existencia Fecha de Remplazo Tipo de Material
        Colección General   Biblioteca FUSBC Biblioteca FUSBC 11/07/2013 1 3 G 001.4 W849m 17773 06/06/2023 09/02/2018 1 26/01/2016 Libros General

Biblioteca FUSBC | Teléfono: (57+4) 349 88 10 Ext. 141| WhatsApp (+57) 3005338115 
E-mail: biblioteca@unisbc.edu.co | Calle 76 87-14 Robledo Palenque, Medellín, Colombia

Con tecnología Koha